00793nam a22002177a 450000500170000001000150001702000270003202000240005903500130008303700130009608200110010924500770012026000450019727000640024230000260030650000500033270000250038294200250040799900170043295201260044920140826123154.0 aENG-110594 a9780198090380c1145.00 a0198090382c1145.00 aEN-94126 bDBAD/PUB a303.61 aNon-violence :cedited by Bidyut Chakrabartybchallenges and prospects / aNew DelhibOxford University Pressc2014 aYMCA Library Building, 1 Jai Singh Road bNew Delhie110001 alxxvi,413p.c23cm(Hb) aIncludes bibliographical references and index aChakrabarty, Bidyut  2ddccENmNONh303.61 c87576d87576 001040718NFICaDBADbDBADd2014-08-05eDBAD/PUBg1145.00l0o303.61 NONpEN-94126r2014-08-05 00:00:00t1v1145.00yEN